000
00314nam a22001337a 4500
008
181015b xxu||||| |||| 00| 0 eng d
020
_a
9780321161949
041
_a
eng
080
_a
510
100
_a
38
101
_a
MAT
245
_a
Mathematics for Elementary School Teachers
_c
Billstein,R
942
_2
udc
_c
BK
999
_c
49677
_d
49677